| 000 | 00346nam a22001337a 4500 | ||
|---|---|---|---|
| 020 | _a9781841351940 | ||
| 040 | _cNUST | ||
| 082 | _a823-CH HEN | ||
| 100 |
_aAndrews,Jackie _9110185 |
||
| 245 | _aHenny Penny Award Young Readers | ||
| 260 |
_aNottinghamshire: _bAward Publications Limited _c2013. |
||
| 650 | _aEnglish Fiction | ||
| 942 |
_2ddc _cBK |
||
| 999 |
_c593644 _d593644 |
||